Państwa kończące się na ,,o'' - Statystyki

Ogólne statystyki
  • Ten quiz został rozwiązany 69 razy
  • Średni wynik to 7 z 9
Statystyki odpowiedzi
Hint Odpowiedź % Poprawnych
Europa Monako
94%
Afryka Maroko
79%
Europa San Marino
79%
Europa Kosowo
76%
Afryka Kongo
74%
Afryka Lesotho
66%
Afryka Togo
66%
A. Północna Trynidad i Tobago
66%
Afryka Burkina Faso
55%
Nie znaleziono quizów pasujących do podanych kryteriów
Rozkład punktacji
Procent ludzi z każdym wynikiem
Percentyl według liczby udzielonych odpowiedzi
Twoja historia wyników
Nie rozwiązałeś tego quizu